Bài tập và bài giải kế toán đại cương (Theo hệ thống kế toán doanh nghiệp áp dụng từ ngày 1/1/1996)
Nội dung của sách gồm có 64 câu hỏi và bài tập có lời giải, cùng 28 bài tập dành cho độc giả tự giải
Tallennettuna:
| Päätekijä: | |
|---|---|
| Aineistotyyppi: | Kirja |
| Kieli: | Undetermined |
| Julkaistu: |
Hà Nội
Tài chính
1998
|
| Aiheet: | |
| Tagit: |
Lisää tagi
Ei tageja, Lisää ensimmäinen tagi!
|
| Thư viện lưu trữ: | Trung tâm Học liệu Trường Đại học Cần Thơ |
|---|
| LEADER | 00872nam a2200205Ia 4500 | ||
|---|---|---|---|
| 001 | CTU_27622 | ||
| 008 | 210402s9999 xx 000 0 und d | ||
| 020 | |b 13.000đ | ||
| 082 | |a 657.076 | ||
| 082 | |b V308 | ||
| 100 | |a Nguyễn Việt | ||
| 245 | 0 | |a Bài tập và bài giải kế toán đại cương (Theo hệ thống kế toán doanh nghiệp áp dụng từ ngày 1/1/1996) | |
| 245 | 0 | |c Nguyễn Việt, Hà Xuân Thạch | |
| 260 | |a Hà Nội | ||
| 260 | |b Tài chính | ||
| 260 | |c 1998 | ||
| 520 | |a Nội dung của sách gồm có 64 câu hỏi và bài tập có lời giải, cùng 28 bài tập dành cho độc giả tự giải | ||
| 650 | |a accounting - problems, exercises,economics, mathematical | ||
| 904 | |i Minh, 981230 | ||
| 980 | |a Trung tâm Học liệu Trường Đại học Cần Thơ | ||